[Event "Krakow op-B 23rd"]
[Site "Krakow"]
[Date "2013.01.04"]
[Round "9"]
[White "Kucharska, Honorata"]
[Black "Kudryavtsev, Mikhail"]
[Result "0-1"]
[WhiteElo "1558"]
[BlackElo "1834"]
[PlyCount "88"]
[EventDate "2012.12.27"]
[EventType "swiss"]
[EventRounds "9"]
[EventCountry "POL"]
[SourceTitle "CBM 152 Extra"]
[Source "ChessBase"]
[SourceDate "2013.02.25"]
[SourceVersion "1"]
[SourceVersionDate "2013.02.25"]
[SourceQuality "1"]

1. e4 e5 2. Nf3 Nc6 3. Bb5 a6 4. Ba4 b5 5. Bb3 Be7 6. c3 Nf6 7. d3 0-0 8. 0-0 d5 9. Qe2 dxe4 10. dxe4 Bb7 11. Rd1 Qc8 12. Bc2 Bc5 13. h3 Qe6 14. Be3 Qe7 15. Nbd2 Rfd8 16. Nf1 Bb6 17. Ng3 Bxe3 18. Qxe3 Rxd1+ 19. Rxd1 Rd8 20. Rxd8+ Qxd8 21. Qc5 Qd6 22. Qxd6 cxd6 23. Nf5 Ne8 24. Nd2 g6 25. Ne3 Nc7 26. f3 Kf8 27. Kf2 Ke7 28. Ke2 Nd8 29. Bb3 Nde6 30. g3 Nc5 31. Bc2 a5 32. Nb3 Nxb3 33. Bxb3 Ne6 34. Nd5+ Bxd5 35. Bxd5 Nc5 36. b4 axb4 37. cxb4 Na6 38. a3 Nc7 39. Bc6 Ne6 40. Kf2 Nd4 41. Bd5 h6 42. f4 f5 43. fxe5 dxe5 44. h4 Kd6 0-1

[Event "Krakow op-B 23rd"]
[Site "Krakow"]
[Date "2012.12.31"]
[Round "6"]
[White "Kudryavtsev, Mikhail"]
[Black "Latka, Tadeusz"]
[Result "1/2-1/2"]
[WhiteElo "1834"]
[BlackElo "1573"]
[PlyCount "78"]
[EventDate "2012.12.27"]
[EventType "swiss"]
[EventRounds "9"]
[EventCountry "POL"]
[SourceTitle "CBM 152 Extra"]
[Source "ChessBase"]
[SourceDate "2013.02.25"]
[SourceVersion "1"]
[SourceVersionDate "2013.02.25"]
[SourceQuality "1"]

1. d4 d5 2. Nf3 Nf6 3. Bf4 c6 4. e3 Bg4 5. Be2 e6 6. 0-0 Bd6 7. Bxd6 Qxd6 8. h3 Bf5 9. Nbd2 Nbd7 10. c4 0-0 11. cxd5 cxd5 12. Rc1 Rac8 13. Qb3 Rc7 14. Rc3 Rfc8 15. Rfc1 Ne4 16. Nxe4 Bxe4 17. Nd2 Bf5 18. Bf3 a6 19. Rxc7 Rxc7 20. Rxc7 Qxc7 21. Qc3 Qxc3 22. bxc3 b5 23. e4 dxe4 24. Bxe4 Bxe4 25. Nxe4 Nb6 26. Nc5 a5 27. Nb3 a4 28. Nd2 Kf8 29. Kf1 Ke7 30. g3 Kd6 31. Ke2 Kd5 32. Kd3 f6 33. Nf1 Nc4 34. Ne3+ Nxe3 35. fxe3 e5 36. e4+ Kd6 37. d5 Kc5 38. g4 g6 39. h4 h6 1/2-1/2

[Event "Krakow op-B 23rd"]
[Site "Krakow"]
[Date "2012.12.27"]
[Round "1"]
[White "Mintenko, Heorhiy"]
[Black "Kudryavtsev, Mikhail"]
[Result "1-0"]
[WhiteElo "2088"]
[BlackElo "1834"]
[PlyCount "81"]
[EventDate "2012.12.27"]
[EventType "swiss"]
[EventRounds "9"]
[EventCountry "POL"]
[SourceTitle "CBM 152 Extra"]
[Source "ChessBase"]
[SourceDate "2013.02.25"]
[SourceVersion "1"]
[SourceVersionDate "2013.02.25"]
[SourceQuality "1"]

1. Nf3 Nf6 2. c4 c5 3. Nc3 g6 4. g3 Bg7 5. Bg2 0-0 6. 0-0 d6 7. d3 Nc6 8. Rb1 Bd7 9. a3 Rb8 10. b4 b6 11. b5 Na5 12. Bd2 e6 13. Ne1 Bc8 14. e4 e5 15. Nc2 Be6 16. Ne3 Qd7 17. f4 exf4 18. gxf4 Ng4 19. Ncd5 Bd4 20. Kh1 Nxe3 21. Bxe3 Bxd5 22. Bxd4 cxd4 23. cxd5 Rbc8 24. a4 Rc3 25. Rb4 Rfc8 26. f5 Qe7 27. f6 Qe5 28. Qd2 Qh5 29. Qf4 Rxd3 30. Bf3 Qh3 31. Bg4 Qe3 32. Bxc8 Qxf4 33. Rxf4 Rd1+ 34. Kg2 d3 35. Rf1 Rd2+ 36. Rf2 Rc2 37. Bg4 d2 38. Bd1 Rc1 39. Rxd2 Nc4 40. Rd3 Ne5 41. Rdd4 1-0